Couples bibliques - Statistiques

Statistiques générales
  • Ce quiz a été pris 196 fois
  • Le résultat moyen est 8 sur 16
Statistiques - réponses
Hint Réponse % Correct
Ève Adam
88%
Marie Joseph
88%
Sarah Abraham
73%
Élisabeth Zacharie
54%
Rachel Jacob
53%
Ruth Boaz
52%
Rebecca Isaac
47%
Léa Jacob
45%
Bethsabée David
40%
Agar Abraham
38%
Esther Assuérus
37%
Jézabel Achab
34%
Séphora Moïse
33%
Abigaïl David
30%
Athalie Joram
30%
Mikal David
20%
Aucun quiz correspondant
Distribution des résultats
% des personnes avec chaque résultat
Percentile par nombre de réponses
Votre historique - résultats
Vous n’avez pas pris ce quiz